000 00497nam a22001817a 4500
005 20250216142334.0
008 250216b |||||||| |||| 00| 0 eng d
020 _a9780495105275
082 _a519.52
_bLOH-S
100 _aLhor, Sharon L.
245 _aSampling: Design and Analysis /
_cSharon L.Lohr
250 _a2nd ed.
260 _aUSA:
_bCengage learning:
_c2010.
300 _axiv, 596 p. :
_bill;
_c24 cm.
500 _ainclude index.
650 _aSoftware enginnering
999 _c36868
_d36868